Adab pelajar di sekolah

Bibliographic Details
Main Author: Ahmad Marzuki Ismail
Format: Book
Published: Selangor : Karisma Publication , 2008
Subjects:

MARC

LEADER 00000cam a2200000 7i4500
001 0000031533
005 20120307.0
008 120307
020 |a 9831952235 
090 0 0 |a 371.8   |b AHM 
100 0 |a Ahmad Marzuki Ismail 
245 1 0 |a Adab pelajar di sekolah   |c Ahmad Marzuki Ismail 
260 |a Selangor :   |b Karisma Publication ,   |c 2008 
650 0 |a Student ethics 
650 0 |a Students   |x Attitudes 
999 |a 0001137192   |b Book   |c Adult Collection   |e Cawangan Taman Sri Lambak 
999 |a 0001137193   |b Book   |c Adult Collection   |e Perbadanan Perpustakaan Awam Johor